000 00401nam a22001337a 4500
020 _qPB.
040 _cFIZZA ISHAQ
082 _a425
_bABD
100 _aMEMON,A.HADI ABDUL.
_9133731
245 _aAN EASY APPROACH TO FUNCTIONAL ENGLISH /
_cPROF;ABDUL HADI.A.MEMON.
260 _a HYDERABAD PAKISTAN ;
_bFAHEEM AYAZ MEMON & BROTHERS BHIRIA,
_c2003.
300 _a310 P. ;
_c8.2X5.2IN
942 _2ddc
_cBK
999 _c616692
_d616692